• 首页
  • 本馆介绍
  • 公告通知
  • 最新文献
  • 馆藏检索
  • 电子资源
  • 读者导购
  • 参考咨询
  • 我的图书馆
  • 登录
  • 详细信息显示
  • 放入我的书架
  • 预约/预借图书
  • 作者相关作品
  • 分类相关作品
  • 丛书相关作品
  • 出版社相关作品

书目信息

  • 表格格式
  • 工作单格式
  • 卡片格式
题名:
防治骨质疏松的高钙食疗方
    
 
作者: 郭力 , 张红丽 主编
分册:  
出版信息: 北京   中国协和医科大学出版社  2017.09
页数: 164页
开本: 23cm
丛书名: 常见慢性病防治食疗方系列丛书
单 册:
中图分类: R681.105 , R247.1
科图分类:
主题词: 骨质疏松--食物疗法--食谱 , 中医学:临床医学
电子资源:
ISBN: 978-7-5679-0656-3
000 01048oam2 2200277 450
001 4936
005 20181013155120.78
010    @a978-7-5679-0656-3@dCNY35.00
100    @a20180217d2017 em y0chiy50 ea
101 0  @achi
102    @aCN@b110000
105    @aa z 000yy
200 1  @a防治骨质疏松的高钙食疗方@9fang zhi gu zhi shu song de gao gai shi liao fang@f郭力,张红丽主编
210    @a北京@c中国协和医科大学出版社@d2017.09
215    @a164页@c彩图@d23cm
225 1  @a常见慢性病防治食疗方系列丛书
330    @a本书详细地介绍了骨质疏松症的基础知识和患者的饮食原则,科学系统地介绍了骨质疏松症患者适宜食用的主食、粥、羹、菜肴、汤肴以及茶饮方等食谱。对每一道食谱的原料、制作、用法、功效都作了详细的阐述,并配有精美的插图。
461  0 @12001 @a常见慢性病防治食疗方系列丛书
606 0  @a骨质疏松@x食物疗法@x食谱
606 0  @a中医学:临床医学
690    @aR681.105@v5
690    @aR247.1@v4
701  0 @a郭力@9guo li@4主编
701  0 @a张红丽@9zhang hong li@4主编
801  0 @aCN@b91MARC@c20180217
905    @aMuseLib@dR247.1@e471
    
    防治骨质疏松的高钙食疗方/郭力,张红丽主编.-北京:中国协和医科大学出版社,2017.09
    164页:彩图;23cm.-(常见慢性病防治食疗方系列丛书)
    
    
    ISBN 978-7-5679-0656-3:CNY35.00
    本书详细地介绍了骨质疏松症的基础知识和患者的饮食原则,科学系统地介绍了骨质疏松症患者适宜食用的主食、粥、羹、菜肴、汤肴以及茶饮方等食谱。对每一道食谱的原料、制作、用法、功效都作了详细的阐述,并配有精美的插图。
●
相关链接 在E读中查询图书 在五车中查询图书 在当当中查询图书 在豆瓣中查询图书


正题名:防治骨质疏松的高钙食疗方     索取号:R247.1/471         预约/预借

序号 登录号 条形码 馆藏地/架位号 状态 备注
1 1127334   211273343   第二样本阅览室/ [索取号:R247.1/471] 在馆    
2 1127335   211273352   第三借阅区/ [索取号:R247.1/471] 在馆    
3 1127336   211273361   第三借阅区/ [索取号:R247.1/471] 在馆    
4 1127337   211273370   第三借阅区/ [索取号:R247.1/471] 在馆    
5 1127338   211273389   密集书库-生命科学系/ [索取号:R247.1/471] 在馆    
唐山师范学院图书馆 欢迎您!
大连网信软件有限公司© 版权所有